| 000 | 00718cab a2200229 4500 | ||
|---|---|---|---|
| 001 | WB3226-29 | ||
| 008 | 090401t1996 xxu||||| |||| 00| 0 eng d | ||
| 035 | _a(Sirsi) u44936 | ||
| 041 | _aeng | ||
| 245 | _aUnlimited liability affecting partnerships | ||
| 260 | _c1996 | ||
| 350 | _a0 | ||
| 490 |
_aFinancial Times _v4 July 1996, 27(2) |
||
| 520 | _aExplains strengths and weaknesses of existing partnership law, focusing on the issue of unlimited liability and its alternatives. | ||
| 650 | _aINCORPORATION | ||
| 650 | _aPARTNERSHIP LAW | ||
| 650 | _aPARTNERSHIPS | ||
| 650 | _aUNLIMITED LIABILITY | ||
| 690 | _aMANAGEMENT-BUSINESS MANAGEMENT-PROFESSIONAL PRACTICE | ||
| 942 | _n0 | ||
| 948 | _c04/03/1997 | ||
| 999 |
_c28561 _d28561 |
||